000 00919nam a2200277 i 4500
003 EG-GICUC
005 20260213083922.0
008 260213s1986 fr ||||fr ||| 00| 0 fre d
040 _aEG-GICUC
_cEG-GICUC
_dEG-GICUC
_erda
_bfre
082 0 4 _221
_a341.79
_bFO . L
092 0 4 _221
099 _aLaw1 11 341.79 FO . L 1986
100 1 _aFouchard,Philippe
_eAuteur
245 _aLes Lettres De Change Et Billets A Ordre Dans Les Relations Commerciales Internationales /
_cPhilippe Fouchard .
264 0 _aParis :
_bEconomica ,
_c1986 .
300 _a298 Pages;
_c30 cm.
336 _atext
_2rda content
337 _aComputer
_2rda media
338 _aOnline Resource
_2rda carrier
546 _aTexte en français
650 0 4 _aDroit International Public
650 0 4 _aDroit Commercial International
856 _uhttps://fll.law.cu.edu.eg/fulltext/th/B11-07501.pdf
905 _a59
942 _2ddc
_cBK
_e21
_n0
999 _c62997
_d62997